000 00525nam a22001817a 4500
999 _c143325
_d143325
010 _aENG-119575 ENG-137024
020 _c340.00
035 _aEN-103107
035 _aEN-120556
037 _bDBAD/PUB
082 _a428
100 _aDas, Paul
245 _aEasy english through Tamil /
_cby Paul Das
260 _aThiruvananthapuram
_bAddone Publishing Group
_c2013
270 _aNear Mathrubhumi Buildings
_bThiruvananthapuram
_e695035
300 _a455p.
_c24cm(Hb)
942 _2ddc
_cEN
_h428
_mDAS